| 000 | 01442cai a22002535a 4500 | ||
|---|---|---|---|
| 001 | E147096 | ||
| 008 | 090331u xxk g 000 0 eng d | ||
| 035 | _a(Sirsi) u147096 | ||
| 041 | 0 | _aeng | |
| 110 | 2 | _aArts Council England | |
| 245 | 0 | 0 |
_aCulture and sport planning toolkit _h[electronic resource] |
| 520 | _aPart of the 'Living Places' website devoted to the Culture and Sport Planning Toolkit. The Toolkit is intended to provide professionals involved in planning and development with information on integrating planning for culture and sport into their existing infrastructure. It is also hoped that it will lead to greater consistency on the part of planning authorities in assessing requirements for culture and sport, and illustrate best practice in planning cultural and sporting infrastructure. | ||
| 590 | _aKA | ||
| 651 | 4 |
_aEngland _y886- |
|
| 690 |
_aPlanning and development _96259 |
||
| 710 | 2 |
_aEnglish Heritage _92714 |
|
| 710 | 2 |
_aMuseums, Libraries and Archives Council _95134 |
|
| 710 | 2 |
_aSport England _93763 |
|
| 710 | 2 |
_aUnited Kingdom _bDepartment for Culture Media and Sport |
|
| 710 | 2 |
_aUnited Kingdom _bDepartment for Communities and Local Government _94939 |
|
| 710 | 2 |
_aUnited Kingdom _bHomes and Communities Agency _95686 |
|
| 856 | 4 | 0 |
_uhttps://www.living-places.org.uk/culture-and-sport-planning-toolkit/about-the-toolkit/ _zView the website free of charge at www.living-places.org.uk... |
| 942 | _n0 | ||
| 999 |
_c120782 _d120782 |
||